000 00513nam a2200205Ia 4500
003 OSt
005 20230328095728.0
008 210423s2008 xx 000 0 und d
020 _a9788126137305
040 _cAL
041 _aeng
082 _a541.35
_223
_bCHAR
100 _aCHAUDHARY (Roshan).
_978609
245 _aBasics of photochemistry.
260 _aNew Delhi
_bAnmol Publications
_c2008
300 _avii,285
_bHB
365 _b900
_cINR
906 _aBasics ; photochemistry.
942 _2ddc
_cBK
999 _c154256
_d154256